00377nam a2200133Ia 4500008004100000020001800041082001600059100002200075245005500097260004500152300000800197650001800205650002000223140316s9999 xx 000 0 und d a81 7024 250 9 a658bARV/MA aArvindrai N,Desai aManagement strategies and organizational behaviour aNew DelhibAshish Publishing Housec1995 a287 acommunication aProblem solving